Mapu

Guardat en:
Dades bibliogràfiques
Autor principal: Latorre Court, Mariano (Autor)
Format: Llibre
Idioma:espanyol
Publicat: Santiago Orbe 1958
Edició:3a. ed
Matèries:
Etiquetes: Afegir etiqueta
Sense etiquetes, Sigues el primer a etiquetar aquest registre!

MARC

LEADER 00000nam a2200000 a 4500
001 UCQ6273
003 CL-VaPUC
008 981009e19580000CL |||||||||||||||||spa|d
082 0 4 |a Ch863  |b LAT  |2 21 
100 |a Latorre Court, Mariano  |e author  |9 611032 
245 1 0 |a Mapu 
250 |a 3a. ed 
300 |a 241 p 
942 |c BK 
945 |d 19981009 00:00:00  |a crobeson 
260 |a Santiago  |b Orbe  |c 1958 
650 0 |a Novelas chilenas   |9 265425 
650 0 |a Literatura chilena   |9 308278 
583 |a last modification  |c 19981009 00:00:00  |k Rodrigo Vera 
999 |c 276274  |d 276272 
952 |0 0  |1 0  |4 0  |6 CH_863_000000000000000_LAT_1958  |7 0  |8 A  |9 313436  |a BIBEDU  |b BIBEDU  |c ES_NOD  |d 2019-11-20  |i 1477617  |o Ch863 LAT 1958  |p 1477617  |r 2023-08-09  |w 2019-11-20  |y BK  |k LIT 
952 |0 0  |1 0  |4 0  |6 CH_863_000000000000000_LAT_1958  |7 0  |8 A  |9 313437  |a BIBEDU  |b BIBEDU  |c ES_NOD  |d 2019-11-20  |i 1478605  |o Ch863 LAT 1958  |p 1478605  |r 2023-08-09  |w 2019-11-20  |y BK  |k LIT